00562nam a2200193 a 4500001001300000003000900013005001700022008004100039020000900080082001300089100002400102245004700126260004600173300000900219500003500228505005200263650002900315700002400344nice12345678IN_TiNIC20260116013307.0050524s1993 noia grp 000 0 eng  ac9500a928bPAR aParanjape, Makarand aSarojini Naidub Selected Poetry and Prose aNoida bHaraper Collins Publishers c1993 a232p aincludes index and biblioraphy2 aSelrcted Bibliography, Abbreviation, Commentary aBiography-Sarojini Naidu1 aParanjape, Makarand